000 00708nam a2200229Ia 4500
003 OSt
005 20220923220928.0
006 a|||||r|||| 00| 0
007 ta
008 220922b |||||||| |||| 00| 0 hin d
024 _a192,353
037 _cTextual
040 _aARTS
_cARTS
_bhin
041 _2hin
_ahin
082 _aT15:84:L:5, 152H9
100 _aमजुमदार, घीरेन्द्र
245 0 _aनई तालिम में सफाई विज्ञान
246 _aNaī tālim mean safāī vijnyāna
260 _c1949
942 _hT15:84:L:5, 152H9
_cTEXL
_2CC
999 _c344973
_d344973